Estructuralismo y psicoanálisis.

Guardat en:
Dades bibliogràfiques
Autor principal: Althusser, Louis [et al.], (autor)
Format: Llibre
Idioma:espanyol
Col·lecció:(El pensamiento estructuralista ; no. 8)
Matèries:
Etiquetes: Afegir etiqueta
Sense etiquetes, Sigues el primer a etiquetar aquest registre!

MARC

LEADER 00000cam^a2200000uu^4500
001 000479545
005 20250521000000.0
008 050901s1971^^^^^^^^^^^^rd^r^^000^0^spa^d
009 20260526150403.22
035 |a FCE 000022547 
035 |a FCE 002826 
037 |a Acervo ITESO - Biblioteca 
041 |a spa 
082 0 4 |a 300.072  |b ALT 
100 |a Althusser, Louis,  |e [et al.]  |e (autor) 
245 1 0 |a Estructuralismo y psicoanálisis. 
264 |a Buenos Aires :  |b Nueva visión,  |c 1971. 
300 |a 217 p. 
336 |a texto  |b txt  |2 rdacontenido 
337 |a sin mediación  |b n  |2 rdamedio 
338 |a volumen  |b nc  |2 rdasoporte 
440 3 |a (El pensamiento estructuralista ;  |v no. 8) 
649 |a XX 
650 |a Ciencias sociales 
650 |a Psicoanálisis 
650 |a Estructuralismo 
910 |a Fondo Centro de Estudios Educativos 
920 |a Impresos - Libros 
930 |a Fondos Especiales 
905 |a 133 
901 |a ALE002826  |b IT2  |c CEE  |u 20250521 
902 |a https://opac.biblio.iteso.mx/vufind/Record/000479545